000 00766cam a22002414a 4500
008
020 _a1852334266 (pbk.)
049 _aMAIN
090 _aQC173.65
_bWOO
100 1 _aWoodhouse, N. M. J.
_q(Nicholas Michael John).
245 1 0 _aSpecial relativity /
_cN.M.J. Woodhouse.
260 _aLondon ;
_aNew York :
_bSpringer,
_cc2003.
300 _aix, 191 p. :
_bill. ;
_c24 cm.
440 0 _aSpringer undergraduate mathematics series,
_x1615-2085.
500 _aIncludes index.
504 _aIncludes bibliographical references.
650 0 _aSpecial relativity (Physics).
907 _a.b10387857
_b19-01-18
_c18-01-18
003
005 20230123141054.0
040 _cNUST
942 _cBOOKS
_kQC173.65
_mWOO
999 _c167160
_d167160